<?xml version="1.0" encoding="UTF-8"?>
<collection xmlns="http://www.loc.gov/MARC21/slim">
  <record>
    <leader>00000nam  2200000   4500</leader>
    <datafield tag="990" ind1="#" ind2="#">
      <subfield code="a">493/SM-25</subfield>
    </datafield>
    <controlfield tag="001">INLIS000000000014493</controlfield>
    <controlfield tag="005">20260526075140</controlfield>
    <datafield tag="035" ind1="#" ind2="#">
      <subfield code="a">0010-0925000047</subfield>
    </datafield>
    <controlfield tag="007">ta</controlfield>
    <controlfield tag="008">260526################g##########0#ind##</controlfield>
    <datafield tag="020" ind1="#" ind2="#">
      <subfield code="a">978-602-5964-61-9</subfield>
    </datafield>
    <datafield tag="082" ind1="#" ind2="#">
      <subfield code="a">155.2</subfield>
    </datafield>
    <datafield tag="084" ind1="#" ind2="#">
      <subfield code="a">155.2 TAR t</subfield>
    </datafield>
    <datafield tag="100" ind1="1" ind2="#">
      <subfield code="a">TARA Damaya</subfield>
    </datafield>
    <datafield tag="245" ind1="1" ind2="#">
      <subfield code="a">The Power of Personality :</subfield>
      <subfield code="b">Cara Menjadi Pribadi Unggul, Tangguh, Memikat, dan Berpengaruh /</subfield>
      <subfield code="c">Tara Damaya</subfield>
    </datafield>
    <datafield tag="260" ind1="#" ind2="#">
      <subfield code="a">Klaten :</subfield>
      <subfield code="b">Caesar Media Pustaka,</subfield>
      <subfield code="c">2023</subfield>
    </datafield>
    <datafield tag="300" ind1="#" ind2="#">
      <subfield code="a">viii, 192 halaman :</subfield>
      <subfield code="b">gambar, tabel ;</subfield>
      <subfield code="c">13,5 x 20 cm.</subfield>
      <subfield code="e">bibliografi; biografi penulis</subfield>
    </datafield>
    <datafield tag="500" ind1="#" ind2="#">
      <subfield code="a">kepribadian kita adalah cerminan dari sikap dan sifat-sifat personal yang membedakan kita dari orang lain. Tanpa di sadari, kepribadian memainkan peran krusial dalam kepemimpinan, yang membutuhkan individu yang tangguh, unggul, berpengaruh, dan bisa menginspirasi banyak orang.</subfield>
    </datafield>
    <datafield tag="650" ind1="#" ind2="4">
      <subfield code="a">Kepercayaan diri</subfield>
    </datafield>
    <datafield tag="600" ind1="#" ind2="4">
      <subfield code="a">Sumbangan Mahasiswa 2025</subfield>
    </datafield>
    <datafield tag="856" ind1="#" ind2="#">
      <subfield code="a">OPAC (Ruang Sirkulasi-Rak 2.2)</subfield>
    </datafield>
    <datafield tag="250" ind1="#" ind2="#">
      <subfield code="a">Cetakan Pertama</subfield>
    </datafield>
  </record>
</collection>
